| 000 | 00418nam a2200181Ia 4500 | ||
|---|---|---|---|
| 999 |
_c47375 _d47375 |
||
| 003 | 0100 | ||
| 005 | 20170608142923.0 | ||
| 008 | 130303s9999 xx 000 0 und d | ||
| 040 | _cARRUPELIB | ||
| 050 | _aDT14.M8 | ||
| 100 |
_aMurdock, George Peter _932372 |
||
| 245 | _aAfrica | ||
| 245 | _bits peoples and their culture history | ||
| 260 |
_bMcGraw-Hill _aNew York _c1959 |
||
| 300 | _axiii | ||
| 300 | _b 456p. 24cm | ||
| 650 |
_aAfrica _xCivilization _922754 |
||
| 942 |
_2lcc _cMONOGRAPH |
||